Pokemon de type eau (alphabet) - Statistiques

Statistiques générales
  • Ce quiz a été pris 108 fois
    25 depuis la dernière actualisation
  • Le résultat moyen est 16 sur 20
Statistiques - réponses
Lettres Pokemon % Correct
M Magicarpe / Mamanbo / Manaphy / Maraiste / Marill / Mateloutre / Mégapagos / Milobellus / Morphéo (forme eau de pluie) / Motisma-Lavage / Moustillon / Moyade / Mustébouée / Mustéflott
100%
C Canarbello / Carabaffe / Carapagos / Carapuce / Carvanha / Castorno / Clamiral(d'Hisui) / Coiffeton / Colhomard / Concombaffe / Coquiperl / Corayon / Couaneton / Crapustule / Croâporal / Crocodil / Crustabri
96%
L (Méga-) Laggron / Lakmécygne / Lamantine / Lanturn / Larméleon / (Méga-) Léviator / Lézargus / Lokhlass / Lombre / Loupio / Lovdisc / Ludicolo / Luminéon
96%
S Sancoki / Sarmuraï / Serpang / Serpente-Eau / (Méga-) Sharpedo / Shifours (style Mille poings) / Sovkipou / Stari / (Méga-) Staross / Suicune / Superdofin
96%
T Tarenbulle / Tarpaud / Taupikeau / Tauros de Paldea / Tentacool / Tentacruel / Têtarte / Tiplouf / Tokopisco / Torgamord / Triopikeau / (Méga-) Tortank / Tritonde / Tritosor
96%
A Akwakwak / (Méga-) Aligatueur / Amonistar / (Méga-) Amphinobi / Aquali / Arakdo / Araqua / Arrozard / Axoloto / Azumarill
92%
P Palkia / Palmaval / Paragruel / Phione / Phogleur / Pingoléon / Poissirène / Poissoroy / Prédastérie / Prinplouf / Psykokwak / Ptitard
92%
B Babimanta / Barbicha / Bargantua / Barloche / Barpau / Batracné / Bekipan
88%
K Kabuto / Kabutops / Kaiminus / Kaimorse / Keldeo / Khélocrok / Kokiyas / Krabboss / Krabby / Kyogre
88%
G Gamblast / Gobou / Goélise / (Méga-) Golgopathe / Grenousse
83%
O Obalie / Octillery / Ogerpon (Masque du Puits) / Opermine / Oratoria / Otaquin / Otaria / Otarlette / Oyacatta
83%
F (Méga-) Flagadoss / Flingouste / Flobio / Flotajou / Flotoutan / Froussardine
75%
N Nénupiot / (Méga-) Nigirigon / Nigosier
75%
Q Qwilfish
75%
V Venalgue / Viskuse / Volcanion / Vorastérie
75%
W Wailmer / Wailord
75%
D Délestin / Démanta / Denticrisse / Dofin
71%
R Ramoloss / Rélicanth / Rémoraid / Roigada / Rosabyss
71%
E Ecayon / Ecrapince / Embrochet
58%
H Hastacuda / Hotte-de-Fer / Hydragla / Hydragon / Hypocéan / Hyporoi / Hypotrempe
58%
Aucun quiz correspondant
Distribution des résultats
% des personnes avec chaque résultat
Percentile par nombre de réponses
Votre historique - résultats
Vous n’avez pas pris ce quiz depuis la dernière actualisation